000
00243 a2200097 4500
001
29935
100
_a
Army Material Command
245
_a
Engineering design handbook Timing system and components
260
_a
_b
AMC
_c
090
_c
19939
_d
19939
942
_a
NUST-CAE
_c
11045
_c
M
999
_c
265008
_d
265008